Castellano. primer curso... /
Guardado en:
| Autor Principal: | |
|---|---|
| Formato: | Libro |
| Publicado: |
Argentina :
Kapelusz,
1954
|
| Edición: | 4a. ed. |
| Materias: | |
| Etiquetas: |
Agregar Etiqueta
Sin Etiquetas, Sea el primero en etiquetar este registro!
|
| LEADER | 00721nam a22002055a 4500 | ||
|---|---|---|---|
| 001 | CEM.cems002953 | ||
| 005 | 19000101000000.0 | ||
| 008 | 130507s1954##################000#0#####d | ||
| 003 | CEMS | ||
| 082 | 0 | 4 | |a 468 |
| 100 | 1 | |a Goldsack Guiñazu, Alfredo | |
| 245 | 1 | 0 | |a Castellano. primer curso... / |c Alfredo Goldsack Guiñazu |
| 250 | |a 4a. ed. | ||
| 260 | |a Argentina : |b Kapelusz, |c 1954 | ||
| 300 | |a 314 p. | ||
| 653 | |a Lengua y literatura | ||
| 859 | |a CEMS |b BIB. CEMS - 11 de abril |h 468 |i G572a4/I |p 10120.81 |t Ej.4 | ||
| 859 | |a CEMS |b BIB. CEMS - 11 de abril |h 468 |i G572a4/I |p 1590.74 |t Ej.1 | ||
| 859 | |a CEMS |b BIB. CEMS - 11 de abril |h 468 |i G572a4/I |p 1591.74 |t Ej.2 | ||
| 859 | |a CEMS |b BIB. CEMS - 11 de abril |h 468 |i G572a4/I |p 1592.74 |t Ej.3 | ||
